THE INSTITUTE OF BIOLOGY S STUDIES IN BIOLOGY ON 12 (Record no. 14886)

MARC details
000 -LEADER
fixed length control field 00462nam a22001817a 4500
003 - CONTROL NUMBER IDENTIFIER
control field OSt
005 - DATE AND TIME OF LATEST TRANSACTION
control field 20211026101615.0
008 - FIXED-LENGTH DATA ELEMENTS--GENERAL INFORMATION
fixed length control field 211026b |||||||| |||| 00| 0 eng d
020 ## - INTERNATIONAL STANDARD BOOK NUMBER
International Standard Book Number 713122056
040 ## - CATALOGING SOURCE
Transcribing agency HAWASSA UNIVERSITY
050 ## - LIBRARY OF CONGRESS CALL NUMBER
Classification number 631.5/LAW
Item number 2
082 ## - DEWEY DECIMAL CLASSIFICATION NUMBER
Classification number 631.5/LAW
Item number 2
100 ## - MAIN ENTRY--PERSONAL NAME
Personal name LAWRENCE J.C.
9 (RLIN) 15497
245 ## - TITLE STATEMENT
Title THE INSTITUTE OF BIOLOGY S STUDIES IN BIOLOGY ON 12
260 ## - PUBLICATION, DISTRIBUTION, ETC.
Name of publisher, distributor, etc. EDWARD ARNOID
Date of publication, distribution, etc. 1968
300 ## - PHYSICAL DESCRIPTION
Extent 56
942 ## - ADDED ENTRY ELEMENTS (KOHA)
Source of classification or shelving scheme Dewey Decimal Classification
Koha item type Books like text book referance book
Suppress in OPAC No
Holdings
Withdrawn status Lost status Source of classification or shelving scheme Damaged status Not for loan Home library Current library Date acquired Total Checkouts Full call number Barcode Date last seen Copy number Price effective from Koha item type
    Dewey Decimal Classification     College of Agriculture Library College of Agriculture Library 10/26/2021   631.5/LAW ALIB0002411 10/26/2021 1 10/26/2021 Books like text book referance book
    Dewey Decimal Classification     College of Agriculture Library College of Agriculture Library 10/26/2021   631.5/LAW ALIB0002412 10/26/2021 2 10/26/2021 Books like text book referance book